00539nam a22001697a 450000500170000001000130001702000260003003500130005603700280006908200100009710000180010724500970012526000360022227000670025830000260032550000180035120211112122310.0 aB-741843 a9788184043709c825.00 aB-741843 bShroff Publishers /Gift a006.7 aSegaran, Toby aProgramming collective intelligence:bbuilding smart web 2.0 applications /cby Toby Segaran aMumbaibShroff Publishersc2012 aC-103, MIDC, TTC Industrial Area, Pawane,bNavi Mumbaie400705 avp.:bill.c23cm(pbk) ainclude index